[Event "Helsingor Kronborg Master-2"]
[Site "Helsingor"]
[Date "2022.05.26"]
[Round "5"]
[White "Andersen, Lars Rene"]
[Black "Koukas, Anastasios"]
[Result "1-0"]
[WhiteElo "2098"]
[BlackElo "2078"]
[PlyCount "101"]
[EventDate "2022.05.26"]
[EventType "tourn"]
[EventRounds "7"]
[EventCountry "DEN"]
[SourceTitle "CBM 208 Extra"]
[Source "ChessBase"]
[SourceDate "2022.07.31"]
[SourceVersion "1"]
[SourceVersionDate "2022.07.31"]
[SourceQuality "1"]

1. e4 e5 2. Nf3 Nf6 3. Nxe5 d6 4. Nf3 Nxe4 5. d4 d5 6. Bd3 Nc6 7. h3 Bf5 8. 0-0 Nd6 9. Bf4 Bxd3 10. Qxd3 Qd7 11. Nc3 Nc4 12. Rfe1+ Be7 13. b3 Nb6 14. Nb5 Rc8 15. c4 0-0 16. c5 Na8 17. a3 Bf6 18. b4 a6 19. Nc3 Ne7 20. Re2 Ng6 21. Bg3 c6 22. a4 Nc7 23. Rb2 Ne6 24. b5 Nef4 25. bxc6 Rxc6 26. Qc2 Ne6 27. Qd3 Nd8 28. Rab1 Re8 29. Nd2 Rce6 30. Kh2 h5 31. Nf3 h4 32. Bb8 Re4 33. Rb6 Qf5 34. Qd2 R4e7 35. Rd6 Rd7 36. Rxd7 Qxd7 37. Bd6 Qf5 38. Rb6 Qd7 39. Qa2 Ne6 40. Nxd5 Bd8 41. Rb3 Qc6 42. Ne3 Qe4 43. Qb1 Nxd4 44. Qxe4 Rxe4 45. Nxd4 Rxd4 46. Rxb7 Ba5 47. Ra7 Be1 48. Nc2 Bxf2 49. Nxd4 Bxd4 50. Rxa6 Kh7 51. c6 1-0

[Event "Aarhus op"]
[Site "Aarhus"]
[Date "2020.02.16"]
[Round "7"]
[White "Hoiberg, Nina"]
[Black "Andersen, Lars Rene"]
[Result "0-1"]
[WhiteElo "2168"]
[BlackElo "2103"]
[PlyCount "104"]
[EventDate "2020.02.14"]
[EventType "swiss"]
[EventRounds "7"]
[EventCountry "DEN"]
[SourceTitle "CBM 195 Extra"]
[Source "ChessBase"]
[SourceDate "2020.05.31"]
[SourceVersion "1"]
[SourceVersionDate "2020.05.31"]
[SourceQuality "1"]

1. e4 c5 2. Nf3 e6 3. d4 cxd4 4. Nxd4 Nf6 5. Bd3 Nc6 6. Be3 Qc7 7. Nc3 a6 8. 0-0 Bd6 9. h3 h5 10. f4 Nxd4 11. Bxd4 Bxf4 12. e5 Bxe5 13. Bxe5 Qxe5 14. Qf3 d5 15. Rae1 Qg5 16. Qf2 0-0 17. Qd4 Bd7 18. Re5 Qh6 19. Qh4 Rfd8 20. Ne2 Bc6 21. Nf4 Kf8 22. Nxh5 a5 23. Qf2 d4 24. Nf4 Ke7 25. Bc4 Rd7 26. Nxe6 fxe6 27. Bxe6 Rd6 28. Bd5+ Kd8 29. Bxc6 bxc6 30. Rfe1 Kc7 31. Re7+ Nd7 32. Qg3 Qg6 33. Qe5 Qf6 34. Qg3 Kb6 35. Qb3+ Kc7 36. Qg3 Rf8 37. R1e6 Qf1+ 38. Kh2 Qf4 39. Rxd6 Qxd6 40. Rxg7 Rf2 41. Rg4 c5 42. h4 Qxg3+ 43. Kxg3 Rxc2 44. Kf4 Rxb2 45. h5 Rxa2 46. Rg6 c4 47. h6 c3 48. h7 c2 49. h8Q c1Q+ 50. Kg3 Qe3+ 51. Kh4 Qe1+ 52. Rg3 Rxg2 0-1

[Event "Varde Weekend M1"]
[Site "Varde"]
[Date "2019.05.12"]
[Round "5"]
[White "Andersen, Lars Rene"]
[Black "Luther, Lasse"]
[Result "1/2-1/2"]
[WhiteElo "2134"]
[BlackElo "2083"]
[PlyCount "32"]
[EventDate "2019.05.10"]
[EventType "tourn"]
[EventRounds "5"]
[EventCountry "DEN"]
[SourceTitle "EXT 2023"]
[Source "ChessBase"]
[SourceDate "2022.10.05"]
[SourceVersion "1"]
[SourceVersionDate "2022.10.05"]
[SourceQuality "1"]

1. c4 e6 2. Nf3 d5 3. d4 c5 4. cxd5 exd5 5. Nc3 Nc6 6. e3 Nf6 7. Be2 Bd6 8. 0-0 0-0 9. b3 cxd4 10. Nxd4 Be5 11. Bf3 Nxd4 12. exd4 Bxh2+ 13. Kxh2 Qc7+ 14. Kg1 Qxc3 15. Bg5 Ne4 16. Bxe4 dxe4 1/2-1/2

[Event "Varde Weekend M1"]
[Site "Varde"]
[Date "2019.05.11"]
[Round "2"]
[White "Jensen, Poul Grydholt"]
[Black "Andersen, Lars Rene"]
[Result "1/2-1/2"]
[WhiteElo "2037"]
[BlackElo "2134"]
[PlyCount "183"]
[EventDate "2019.05.10"]
[EventType "tourn"]
[EventRounds "5"]
[EventCountry "DEN"]
[SourceTitle "EXT 2023"]
[Source "ChessBase"]
[SourceDate "2022.10.05"]
[SourceVersion "1"]
[SourceVersionDate "2022.10.05"]
[SourceQuality "1"]

1. e4 c5 2. Nf3 d6 3. c3 Nf6 4. Bb5+ Bd7 5. Bxd7+ Qxd7 6. d3 e6 7. 0-0 Nc6 8. a4 Be7 9. Na3 0-0 10. Re1 Qc7 11. h3 h6 12. d4 cxd4 13. Nb5 Qb6 14. Nbxd4 a6 15. Nxc6 Qxc6 16. Nd4 Qc7 17. a5 Rfe8 18. Qd3 Rac8 19. Qg3 Kh8 20. f4 d5 21. e5 Ne4 22. Qg4 Bf8 23. Be3 g6 24. Qf3 Kh7 25. g4 Bg7 26. Re2 Re7 27. Qg2 Rh8 28. Nf3 Rg8 29. Bd4 Rd7 30. Nd2 Nxd2 31. Rxd2 g5 32. fxg5 hxg5 33. Qg3 Bh6 34. b4 Rg6 35. Kg2 Qc4 36. Rf1 Bg7 37. Rdf2 Kg8 38. Qe3 Qc7 39. Rf3 Kh7 40. R1f2 Kg8 41. Rf1 Qd8 42. Qf2 Qe8 43. Qe3 Bf8 44. Qd3 Bg7 45. Qe3 Bf8 46. Qd3 Rg7 47. Qe3 Be7 48. Qf2 Rc7 49. Qe3 Rc6 50. Qf2 Bd8 51. Qe3 Rc7 52. Qf2 Rd7 53. Qe3 Bc7 54. R1f2 Qb8 55. Rf1 Bd8 56. Qf2 Qc8 57. Qe3 Qc4 58. R3f2 Qb5 59. Ra1 Rc7 60. Raf1 Rc6 61. Ra1 Kf8 62. Bc5+ Ke8 63. Qd4 Be7 64. Bb6 Rc4 65. Qd2 Re4 66. Bd4 Qc4 67. Rb1 Rh7 68. Re1 Rxe1 69. Qxe1 Kf8 70. Qe2 Qxe2 71. Rxe2 Kg7 72. Rf2 Rh8 73. Rf3 Rc8 74. Rg3 Rc4 75. Rd3 Kg6 76. Kh2 f6 77. exf6 Bxf6 78. Bxf6 Kxf6 79. Kg3 Re4 80. h4 gxh4+ 81. Kxh4 Kg6 82. Rf3 Re1 83. Rf8 Rc1 84. Rb8 Rh1+ 85. Kg3 Rc1 86. Kh4 Rxc3 87. Rxb7 e5 88. b5 axb5 89. Rxb5 Rd3 90. a6 Ra3 91. Rxd5 Rxa6 92. Rxe5 1/2-1/2

[Event "Varde Weekend M1"]
[Site "Varde"]
[Date "2019.05.10"]
[Round "1"]
[White "Rasmussen, Henning Lau"]
[Black "Andersen, Lars Rene"]
[Result "1/2-1/2"]
[WhiteElo "2145"]
[BlackElo "2134"]
[PlyCount "98"]
[EventDate "2019.05.10"]
[EventType "tourn"]
[EventRounds "5"]
[EventCountry "DEN"]
[SourceTitle "EXT 2023"]
[Source "ChessBase"]
[SourceDate "2022.10.05"]
[SourceVersion "1"]
[SourceVersionDate "2022.10.05"]
[SourceQuality "1"]

1. d4 Nf6 2. Nf3 e6 3. Nbd2 c5 4. c3 d5 5. e3 Nc6 6. Bd3 Be7 7. 0-0 Qc7 8. Re1 0-0 9. e4 dxe4 10. Nxe4 cxd4 11. cxd4 Rd8 12. Be3 Nb4 13. Rc1 Qa5 14. Nxf6+ gxf6 15. Bb1 Qh5 16. Qb3 Nd5 17. Bd2 b6 18. h3 Bb7 19. Nh2 Kh8 20. Nf1 f5 21. Ng3 Qh4 22. Qf3 Bd6 23. Rcd1 Rg8 24. Re5 Bxe5 25. dxe5 Rg6 26. Bxf5 exf5 27. Nxf5 Qc4 28. Nd6 Qc6 29. Nxf7+ Kg7 30. e6 Qxe6 31. Bc3+ Nxc3 32. Qxb7 Ne2+ 33. Kh2 Qxf7 34. Rd7 Rf8 35. Qxa7 Kg8 36. Rxf7 Rxf7 37. Qb8+ Rf8 38. Qe5 Rxf2 39. Qe8+ Kg7 40. Qe7+ Kg8 41. Qe8+ Kg7 42. Qe5+ Rgf6 43. Qe3 h5 44. a4 h4 45. Qg5+ Rg6 46. Qe7+ Kg8 47. Qe8+ Kg7 48. Qe7+ Kg8 49. Qe8+ Kg7 1/2-1/2

[Event "Copenhagen Challenge"]
[Site "Ballerup"]
[Date "2018.04.26"]
[Round "3"]
[White "Andersen, Lars Rene"]
[Black "Vangsgaard, Bjarke"]
[Result "0-1"]
[WhiteElo "2116"]
[BlackElo "1940"]
[PlyCount "95"]
[EventDate "2018.04.25"]
[EventType "swiss"]
[EventRounds "9"]
[EventCountry "DEN"]
[SourceTitle "CBM 184 Extra"]
[Source "ChessBase"]
[SourceDate "2018.06.28"]
[SourceVersion "1"]
[SourceVersionDate "2018.06.28"]
[SourceQuality "1"]

1. d4 Nf6 2. c4 g6 3. Nc3 Bg7 4. e4 d6 5. f3 0-0 6. Be3 c5 7. Nge2 Nc6 8. d5 Ne5 9. Ng3 e6 10. Be2 exd5 11. exd5 Re8 12. Qd2 a6 13. 0-0 Rb8 14. Bg5 Qb6 15. Nge4 Nxe4 16. Nxe4 Nd7 17. Rab1 f5 18. Nf2 h6 19. Be3 Qb4 20. Qc1 b5 21. Bd3 Ne5 22. cxb5 axb5 23. Bxh6 Nxd3 24. Nxd3 Qd4+ 25. Nf2 Re2 26. Bxg7 Kxg7 27. Qd1 Rd2 28. Qe1 Kf7 29. Kh1 Rxb2 30. Rd1 Qc4 31. Qa5 Rb7 32. Qd8 Bd7 33. Nd3 Re2 34. Rfe1 Qxd3 35. Qh8 Qe3 36. Qh7+ Ke8 37. Qg8+ Ke7 38. Qh7+ Kd8 39. Rg1 g5 40. Qh8+ Qe8 41. Qh6 Qe7 42. a3 Ra7 43. Qh8+ Be8 44. Rb1 Kc7 45. Qh3 Bd7 46. Ra1 Ra4 47. Qh8 Qe5 48. Qh5 0-1

[Event "Copenhagen Challenge"]
[Site "Ballerup"]
[Date "2018.04.26"]
[Round "2"]
[White "Pedersen, Nicolai Kvist Brond"]
[Black "Andersen, Lars Rene"]
[Result "1/2-1/2"]
[WhiteElo "2179"]
[BlackElo "2116"]
[PlyCount "78"]
[EventDate "2018.04.25"]
[EventType "swiss"]
[EventRounds "9"]
[EventCountry "DEN"]
[SourceTitle "CBM 184 Extra"]
[Source "ChessBase"]
[SourceDate "2018.06.28"]
[SourceVersion "1"]
[SourceVersionDate "2018.06.28"]
[SourceQuality "1"]

1. d4 Nf6 2. Nf3 e6 3. c4 c5 4. g3 b6 5. Bg2 Bb7 6. 0-0 cxd4 7. Qxd4 Bc5 8. Qd2 0-0 9. Nc3 a6 10. b3 Be7 11. Bb2 d6 12. Rfd1 Nbd7 13. Qe1 Qc7 14. e4 Rac8 15. Nd4 Rfe8 16. Rac1 Bf8 17. f3 h6 18. Qf2 Qb8 19. Rc2 g6 20. Bc1 e5 21. Nde2 b5 22. Nd5 Qa8 23. Bh3 Bxd5 24. Bxd7 Bxe4 25. fxe4 Nxd7 26. Rf1 f6 27. Nc3 bxc4 28. Nd5 Bg7 29. bxc4 Qc6 30. Be3 Qa4 31. Qe2 Kh7 32. g4 Rc6 33. h4 Rec8 34. Rfc1 Re8 35. h5 g5 36. Qf2 Kh8 37. Qf5 Rcc8 38. Rb2 Rb8 39. Rxb8 Rxb8 1/2-1/2

[Event "Bronshoj Lang Weekend"]
[Site "Copenhagen"]
[Date "2018.02.18"]
[Round "7"]
[White "Stojanovski, Sandi"]
[Black "Andersen, Lars Rene"]
[Result "1-0"]
[WhiteElo "2255"]
[BlackElo "2135"]
[PlyCount "79"]
[EventDate "2018.02.15"]
[EventType "swiss"]
[EventRounds "7"]
[EventCountry "DEN"]
[SourceTitle "CBM 183 Extra"]
[Source "ChessBase"]
[SourceDate "2018.04.19"]
[SourceVersion "1"]
[SourceVersionDate "2018.04.19"]
[SourceQuality "1"]

1. e4 c5 2. Nf3 d6 3. Bb5+ Bd7 4. Bxd7+ Qxd7 5. 0-0 Nc6 6. d4 cxd4 7. Nxd4 Nf6 8. c4 Nxe4 9. Re1 Nf6 10. Bg5 Qg4 11. Nf3 Qxc4 12. Nc3 e6 13. Rc1 Be7 14. Ne4 Qxa2 15. Nxd6+ Bxd6 16. Qxd6 Qd5 17. Qf4 Qd8 18. Rcd1 Nd5 19. Qc4 Qb6 20. Rxd5 0-0 21. Bf6 gxf6 22. Rb5 Qa6 23. Qg4+ Kh8 24. Rh5 Rg8 25. Qh4 Qd3 26. Qxf6+ Rg7 27. Ng5 Kg8 28. Ne4 Rd8 29. Rg5 Rg6 30. h4 Rd4 31. h5 Rxg5 32. Qxg5+ Kf8 33. Nf6 Ne7 34. Rc1 Qd2 35. Nxh7+ Ke8 36. Nf6+ Kd8 37. Qc5 Nc6 38. Qf8+ Kc7 39. Ne8+ Kb6 40. Qc5+ 1-0

[Event "Bronshoj Lang Weekend"]
[Site "Copenhagen"]
[Date "2018.02.16"]
[Round "3"]
[White "Andersen, Lars Rene"]
[Black "Tandrup, Michael"]
[Result "0-1"]
[WhiteElo "2135"]
[BlackElo "1944"]
[PlyCount "62"]
[EventDate "2018.02.15"]
[EventType "swiss"]
[EventRounds "7"]
[EventCountry "DEN"]
[SourceTitle "CBM 183 Extra"]
[Source "ChessBase"]
[SourceDate "2018.04.19"]
[SourceVersion "1"]
[SourceVersionDate "2018.04.19"]
[SourceQuality "1"]

1. c4 Nf6 2. g3 g6 3. Bg2 c5 4. Nc3 Nc6 5. e3 Bg7 6. Nge2 d6 7. h3 a6 8. 0-0 Be6 9. Nd5 0-0 10. d3 Rb8 11. a3 Bd7 12. Ra2 e6 13. Nxf6+ Bxf6 14. b3 d5 15. cxd5 exd5 16. Rc2 Qb6 17. Nf4 Ne7 18. Bxd5 g5 19. Nh5 Nxd5 20. Qf3 Bxh3 21. Rd1 Qe6 22. e4 Bg4 23. Qh1 Bxd1 24. Rxc5 Rbc8 25. Nxf6+ Qxf6 26. Rc4 Rxc4 27. bxc4 Nc3 28. Be3 Ne2+ 29. Kg2 Nc3 30. Qh3 Qf3+ 31. Kh2 Qh5 0-1

[Event "Aarhus-chB"]
[Site "Aarhus"]
[Date "2017.02.18"]
[Round "3"]
[White "Andersen, Lars Rene"]
[Black "Sorensen, Torben Kyhl"]
[Result "1/2-1/2"]
[WhiteElo "2135"]
[BlackElo "2152"]
[PlyCount "88"]
[EventDate "2017.02.17"]
[EventType "tourn"]
[EventRounds "5"]
[EventCountry "DEN"]
[SourceTitle "EXT 2018"]
[Source "ChessBase"]
[SourceDate "2017.10.13"]
[SourceVersion "1"]
[SourceVersionDate "2017.10.13"]
[SourceQuality "1"]

1. d4 Nf6 2. c4 g6 3. Nc3 Bg7 4. Bg5 d6 5. e4 0-0 6. Qd2 Re8 7. f3 Nbd7 8. Nge2 e5 9. d5 a5 10. 0-0-0 Nb6 11. Ng3 Bd7 12. Kb1 c6 13. dxc6 bxc6 14. Qxd6 Re6 15. Qd2 Bf8 16. Bd3 Qb8 17. Be3 Bb4 18. Nge2 Qb7 19. Qc2 c5 20. Ka1 Bxc3 21. Nxc3 Rc6 22. Rd2 Rcc8 23. g4 Be6 24. Nb5 Ne8 25. Be2 Rab8 26. Na3 Nd7 27. Rhd1 Qc6 28. Nb5 Rb7 29. Bg5 f6 30. Be3 Nb6 31. a4 Bf7 32. b3 Rcb8 33. h4 Nc8 34. Rd8 Ne7 35. R8d3 Qb6 36. Bd2 Nc6 37. Bc3 Nd4 38. Qb2 Nc7 39. Bxd4 cxd4 40. f4 Ne6 41. f5 Nc5 42. Rh3 Be8 43. Bd3 Rd8 44. Ka2 Bc6 1/2-1/2

[Event "Aarhus-chB"]
[Site "Aarhus"]
[Date "2017.02.17"]
[Round "1"]
[White "Andersen, Lars Rene"]
[Black "Pedersen, Nicolai Kvist Brond"]
[Result "1-0"]
[WhiteElo "2135"]
[BlackElo "2161"]
[PlyCount "123"]
[EventDate "2017.02.17"]
[EventType "tourn"]
[EventRounds "5"]
[EventCountry "DEN"]
[SourceTitle "EXT 2018"]
[Source "ChessBase"]
[SourceDate "2017.10.13"]
[SourceVersion "1"]
[SourceVersionDate "2017.10.13"]
[SourceQuality "1"]

1. e4 c6 2. d3 d5 3. Nd2 e5 4. Ngf3 Bd6 5. Be2 Nf6 6. h3 Qc7 7. c3 Nbd7 8. 0-0 0-0 9. Re1 b6 10. b3 Ba6 11. Bb2 Rfe8 12. Rc1 Rad8 13. Qc2 dxe4 14. dxe4 Bxe2 15. Rxe2 Bf8 16. Rf1 Nc5 17. Ba3 Nd3 18. Bxf8 Nf4 19. Ree1 Kxf8 20. Nc4 b5 21. Ne3 Nd7 22. g3 Ne6 23. Rd1 f6 24. Nf5 Nb6 25. Qc1 g6 26. Qh6+ Kg8 27. Ne3 Qg7 28. Qh4 Rxd1 29. Rxd1 Rd8 30. Rxd8+ Nxd8 31. Nxe5 g5 32. Qh5 fxe5 33. Nf5 Qf8 34. Qxg5+ Kh8 35. Nh6 Ne6 36. Qxe5+ Ng7 37. Nf5 Nd7 38. Qd4 Nf6 39. Qxa7 Nxe4 40. Nxg7 Qxg7 41. Qa8+ Qg8 42. Qxc6 Qg6 43. Qxb5 Ng5 44. Qb8+ Kg7 45. Qb7+ Kh6 46. h4 Ne4 47. Qb4 Qf5 48. Qb6+ Kh5 49. Qe3 h6 50. Kg2 Qe5 51. a4 Qd5 52. c4 Qc6 53. Qf3+ Kg6 54. a5 Qe8 55. b4 Nf6 56. a6 Qe7 57. c5 Qc7 58. Qb7 Qe5 59. a7 Nd5 60. a8Q Ne3+ 61. fxe3 Qb2+ 62. Kh3 1-0

[Event "Fredericia cand"]
[Site "Fredericia"]
[Date "2016.05.08"]
[Round "4"]
[White "Thogersen, Rasmus"]
[Black "Andersen, Lars Rene"]
[Result "1-0"]
[WhiteElo "2205"]
[BlackElo "2191"]
[PlyCount "67"]
[EventDate "2016.05.06"]
[EventType "swiss"]
[EventRounds "5"]
[EventCountry "DEN"]
[SourceTitle "EXT 2018"]
[Source "ChessBase"]
[SourceDate "2017.10.13"]
[SourceVersion "1"]
[SourceVersionDate "2017.10.13"]
[SourceQuality "1"]

1. e4 e5 2. Nf3 Nc6 3. Bb5 a6 4. Ba4 Nf6 5. 0-0 b5 6. Bb3 Be7 7. a4 b4 8. d3 0-0 9. Re1 d6 10. Nbd2 Na5 11. Ba2 c5 12. Nf1 Rb8 13. Ne3 Be6 14. Bxe6 fxe6 15. Nc4 Nc6 16. c3 h6 17. d4 exd4 18. cxd4 d5 19. exd5 exd5 20. Nce5 Nxe5 21. Nxe5 Qe8 22. dxc5 Bxc5 23. Nd3 Qc6 24. Nxc5 Qxc5 25. Be3 Qd6 26. Bd4 Rbc8 27. Qd3 Ne4 28. Bxg7 Nxf2 29. Bxf8 Rxf8 30. Qd4 Rf4 31. Re8+ Kf7 32. Qh8 Qc5 33. Qg8+ Kf6 34. Re6+ 1-0

[Event "Fredericia cand"]
[Site "Fredericia"]
[Date "2016.05.07"]
[Round "2"]
[White "Rossen, Claus"]
[Black "Andersen, Lars Rene"]
[Result "0-1"]
[WhiteElo "2164"]
[BlackElo "2191"]
[PlyCount "94"]
[EventDate "2016.05.06"]
[EventType "swiss"]
[EventRounds "5"]
[EventCountry "DEN"]
[SourceTitle "EXT 2018"]
[Source "ChessBase"]
[SourceDate "2017.10.13"]
[SourceVersion "1"]
[SourceVersionDate "2017.10.13"]
[SourceQuality "1"]

1. d4 d5 2. Nf3 c6 3. c4 Nf6 4. g3 a6 5. Bg2 Bf5 6. 0-0 e6 7. a4 Nbd7 8. Qb3 Ra7 9. Bg5 h6 10. Bxf6 Nxf6 11. Nbd2 Be7 12. a5 0-0 13. Ne5 Bd6 14. Qc3 Qe7 15. c5 Bc7 16. Rfe1 Raa8 17. e4 dxe4 18. Nxe4 Nxe4 19. Bxe4 Bxe4 20. Rxe4 Rad8 21. f4 Rd5 22. Nc4 Qf6 23. Rae1 Rfd8 24. Ne3 R5d7 25. Ng4 Qf5 26. Ne5 Rd5 27. g4 Qf6 28. Rf1 Qh4 29. f5 Bxe5 30. dxe5 Rd2 31. Qg3 Qxg3+ 32. hxg3 Rxb2 33. fxe6 fxe6 34. Ref4 Rd5 35. Rf8+ Kh7 36. Re8 Rxe5 37. Re7 Rxc5 38. Rf2 Rxf2 39. Kxf2 Rb5 40. Kf3 Kg8 41. g5 hxg5 42. Kg4 Kf8 43. Rc7 g6 44. Rh7 Ke8 45. Rg7 Kd8 46. Rxg6 Rxa5 47. Rxe6 Rd5 0-1

[Event "Fredericia cand"]
[Site "Fredericia"]
[Date "2016.05.06"]
[Round "1"]
[White "Andersen, Lars Rene"]
[Black "Kjaergaard Jensen, Jesper"]
[Result "1-0"]
[WhiteElo "2191"]
[BlackElo "2086"]
[PlyCount "68"]
[EventDate "2016.05.06"]
[EventType "swiss"]
[EventRounds "5"]
[EventCountry "DEN"]
[SourceTitle "EXT 2018"]
[Source "ChessBase"]
[SourceDate "2017.10.13"]
[SourceVersion "1"]
[SourceVersionDate "2017.10.13"]
[SourceQuality "1"]

1. c4 f5 2. g3 Nf6 3. Bg2 e6 4. e3 c6 5. Nc3 d5 6. b3 Nbd7 7. cxd5 exd5 8. Nge2 Nc5 9. Qc2 Bd6 10. 0-0 Qe7 11. Bb2 0-0 12. d3 Ne6 13. Rae1 Qf7 14. Na4 Qh5 15. Nf4 Qf7 16. a3 Bd7 17. b4 Rae8 18. Nxe6 Bxe6 19. Nc5 Bc8 20. Bd4 Nh5 21. f4 b6 22. Nb3 Bb7 23. Nd2 Nf6 24. Nf3 Nd7 25. e4 c5 26. Bc3 dxe4 27. Ng5 Qg6 28. dxe4 fxe4 29. Nxe4 Be7 30. Qa4 Bc6 31. b5 Ba8 32. Qxa7 Nf6 33. Qxb6 Bd5 34. Nxf6+ Bxf6 1-0

[Event "Copenhagen Challenge"]
[Site "Ballerup"]
[Date "2016.04.22"]
[Round "5"]
[White "Karlsson, Ulf"]
[Black "Andersen, Lars Rene"]
[Result "1/2-1/2"]
[WhiteElo "2026"]
[BlackElo "2194"]
[PlyCount "61"]
[EventDate "2016.04.20"]
[EventType "swiss"]
[EventRounds "9"]
[EventCountry "DEN"]
[SourceTitle "CBM 172 Extra"]
[Source "ChessBase"]
[SourceDate "2016.06.21"]
[SourceVersion "1"]
[SourceVersionDate "2016.06.21"]
[SourceQuality "1"]

1. e4 c5 2. Nc3 g6 3. g3 Bg7 4. Bg2 e6 5. d3 Ne7 6. f4 d6 7. Nf3 Nbc6 8. 0-0 0-0 9. Be3 Nd4 10. e5 Nef5 11. Bf2 Nxf3+ 12. Qxf3 Nd4 13. Qd1 dxe5 14. fxe5 Bxe5 15. Ne4 Nc6 16. c3 c4 17. Bc5 Re8 18. d4 Bg7 19. Nd6 Re7 20. Nxc8 Rxc8 21. Bxe7 Qxe7 22. Qe2 Na5 23. Rf2 Qd6 24. Raf1 Rf8 25. Qe4 h5 26. Re1 b5 27. Qf4 Qe7 28. Qe4 Qd6 29. Qf3 a6 30. Qf4 Qe7 31. Qe4 1/2-1/2

[Event "Kolding Sondex Cup Gp3"]
[Site "Kolding"]
[Date "2015.04.18"]
[Round "3"]
[White "Bindzus, Niels"]
[Black "Andersen, Lars Rene"]
[Result "0-1"]
[WhiteElo "2207"]
[BlackElo "2180"]
[PlyCount "96"]
[EventDate "2015.04.17"]
[EventType "tourn"]
[EventRounds "5"]
[EventCountry "DEN"]
[SourceTitle "EXT 2018"]
[Source "ChessBase"]
[SourceDate "2017.10.13"]
[SourceVersion "1"]
[SourceVersionDate "2017.10.13"]
[SourceQuality "1"]

1. e4 c5 2. Nf3 d6 3. d4 cxd4 4. Nxd4 Nf6 5. Nc3 a6 6. Bg5 e6 7. f4 Nbd7 8. Qf3 Qc7 9. 0-0-0 Be7 10. Be2 h6 11. Bh4 b5 12. e5 Bb7 13. exf6 Bxf3 14. Bxf3 Nxf6 15. Bxa8 0-0 16. Bf3 b4 17. Ne4 d5 18. Nxf6+ Bxf6 19. Bxf6 Qxf4+ 20. Kb1 Qxf6 21. Nc6 Qf4 22. Rhe1 Qd6 23. Ne5 Rc8 24. Bh5 g6 25. Bg4 Re8 26. Rd2 Kg7 27. g3 Re7 28. Bh3 h5 29. Bg2 a5 30. Nd3 Rc7 31. Nf4 a4 32. h4 Qc5 33. Rc1 b3 34. Bf1 Qe3 35. Rdd1 bxa2+ 36. Kxa2 Qxg3 37. Ng2 Qe5 38. c3 Ra7 39. Rd4 Qb8 40. Rb4 Rb7 41. Ka3 d4 42. Kxa4 dxc3 43. bxc3 Ra7+ 44. Kb3 Qa8 45. Ne3 Ra3+ 46. Kb2 Ra2+ 47. Kb3 Qa3+ 48. Kc4 Qxc1 0-1

[Event "Fredericia Glenco"]
[Site "Fredericia"]
[Date "2014.05.25"]
[Round "4"]
[White "Andersen, Lars Rene"]
[Black "Kryger, Oksana"]
[Result "1/2-1/2"]
[WhiteElo "2150"]
[BlackElo "2094"]
[PlyCount "184"]
[EventDate "2014.05.23"]
[EventType "swiss"]
[EventRounds "5"]
[EventCountry "DEN"]
[SourceTitle "EXT 2016"]
[Source "ChessBase"]
[SourceDate "2015.10.08"]
[SourceVersion "1"]
[SourceVersionDate "2015.10.08"]
[SourceQuality "1"]

1. e4 e6 2. d4 d5 3. Nc3 Nf6 4. e5 Nfd7 5. f4 c5 6. Nf3 Nc6 7. Be3 cxd4 8. Nxd4 Bc5 9. Qd2 a6 10. Be2 0-0 11. 0-0 Qc7 12. Rad1 b5 13. Bf3 Nxd4 14. Bxd4 b4 15. Ne2 a5 16. c4 bxc3 17. Qxc3 Bxd4+ 18. Rxd4 Qb6 19. Rfd1 Ba6 20. Ng3 Rfc8 21. Qe3 Rc4 22. b3 Rxd4 23. Rxd4 Rc8 24. h3 Qc5 25. Kh2 Rb8 26. Qg1 Rb4 27. Rxb4 axb4 28. Qxc5 Nxc5 29. Be2 Bd3 30. Bxd3 Nxd3 31. Ne2 f6 32. exf6 gxf6 33. Kg3 Kf7 34. Kf3 e5 35. Ke3 Nxf4 36. Nxf4 exf4+ 37. Kd4 Ke6 38. h4 h5 39. Kc5 Ke5 40. Kxb4 d4 41. a4 Ke4 42. a5 d3 43. a6 d2 44. a7 d1Q 45. a8Q+ Ke3 46. Qe8+ Kf2 47. Qg6 Qg4 48. Qe4 f5 49. Qc2+ Kg3 50. Ka5 Kxh4 51. b4 Kg5 52. b5 f3 53. Qd2+ Kg6 54. Qd6+ Kg5 55. gxf3 Qxf3 56. b6 h4 57. Qe7+ Kg4 58. b7 Qd5+ 59. Ka4 Qc6+ 60. Ka5 Qd5+ 61. Kb6 Qb3+ 62. Kc7 Qc4+ 63. Kb6 Qb3+ 64. Kc6 Qc4+ 65. Qc5 Qe6+ 66. Kb5 Qe8+ 67. Qc6 Qe5+ 68. Ka6 h3 69. Qa4+ Kg3 70. Qb3+ Kg2 71. b8Q Qxb8 72. Qxb8 h2 73. Qg8+ Kf2 74. Qd5 Kg1 75. Qd4+ Kg2 76. Qd2+ Kg1 77. Qe1+ Kg2 78. Qe2+ Kg1 79. Qe3+ Kg2 80. Qg5+ Kf2 81. Qxf5+ Kg1 82. Qg4+ Kh1 83. Qf3+ Kg1 84. Qd1+ Kg2 85. Qe2+ Kg1 86. Qe3+ Kg2 87. Qg5+ Kh1 88. Qc1+ Kg2 89. Qd2+ Kg1 90. Qe1+ Kg2 91. Qe2+ Kg1 92. Qg4+ Kh1 1/2-1/2

[Event "DEN-chT 1314 52nd"]
[Site "Denmark"]
[Date "2014.01.12"]
[Round "5.8"]
[White "Andersen, Lars Rene"]
[Black "Reimanis, Ritvars"]
[Result "0-1"]
[WhiteElo "2168"]
[BlackElo "2187"]
[PlyCount "70"]
[EventDate "2013.11.02"]
[EventType "team-tourn"]
[EventRounds "9"]
[EventCountry "DEN"]
[SourceTitle "EXT 2015"]
[Source "ChessBase"]
[SourceDate "2014.11.20"]
[SourceVersion "1"]
[SourceVersionDate "2014.11.20"]
[SourceQuality "1"]
[WhiteTeam "Copenhagen 68"]
[BlackTeam "Valby K41"]
[WhiteTeamCountry "DEN"]
[BlackTeamCountry "DEN"]

1. c4 e6 2. g3 d5 3. Bg2 Nf6 4. Nf3 Be7 5. 0-0 0-0 6. Qc2 c5 7. d3 Nc6 8. a3 b6 9. b3 Bb7 10. e3 Qc7 11. Bb2 Rad8 12. Nbd2 Qb8 13. Rac1 Qa8 14. Rfd1 dxc4 15. bxc4 Rd7 16. Bf1 Rfd8 17. h3 Ne8 18. Ne4 Nd6 19. Qc3 Ne8 20. Be2 f5 21. Ned2 Bf6 22. Qc2 e5 23. e4 g6 24. Bf1 Nd6 25. exf5 gxf5 26. Re1 Re8 27. Re2 Nf7 28. Rce1 Qd8 29. d4 e4 30. d5 Nd4 31. Nxd4 cxd4 32. Nf3 d3 33. Bxf6 Qxf6 34. Qb2 Ne5 35. Nxe5 dxe2 0-1

[Event "DEN-ch rapid"]
[Site "Middelfart"]
[Date "2012.09.30"]
[Round "1"]
[White "Andersen, Lars Rene"]
[Black "Glud, Jakob Vang"]
[Result "0-1"]
[WhiteElo "2141"]
[BlackElo "2506"]
[PlyCount "136"]
[EventDate "2012.09.30"]
[EventType "swiss (rapid)"]
[EventRounds "7"]
[EventCountry "DEN"]
[SourceTitle "EXT 2018"]
[Source "ChessBase"]
[SourceDate "2017.10.13"]
[SourceVersion "1"]
[SourceVersionDate "2017.10.13"]
[SourceQuality "1"]

1. c4 e6 2. g3 d5 3. Bg2 Nf6 4. Nf3 Be7 5. 0-0 0-0 6. d4 c6 7. Nc3 b6 8. b3 Ba6 9. Nd2 b5 10. c5 b4 11. Na4 Nbd7 12. Nf3 Ne4 13. Bb2 Bb5 14. Re1 f5 15. e3 Bf6 16. Rc1 Qc7 17. Ba1 g5 18. Nd2 e5 19. f3 Nxd2 20. Qxd2 a5 21. Nb2 e4 22. fxe4 fxe4 23. Bf1 Bxf1 24. Rxf1 Bg7 25. Qe2 Nf6 26. Rf5 h6 27. Rcf1 Rf7 28. g4 Raf8 29. Nd1 Qc8 30. Bb2 Nh7 31. Rxf7 Rxf7 32. Rxf7 Kxf7 33. Nf2 Nf8 34. Nh1 Ng6 35. Ng3 Nh4 36. Kh1 Nf3 37. Nf5 Bf8 38. h3 h5 39. Kg2 h4 40. Bc1 Qa8 41. Bd2 Be7 42. Be1 Bd8 43. Nd6+ Ke6 44. Nf5 Bc7 45. Ng7+ Kd7 46. Nf5 a4 47. Bxb4 axb3 48. axb3 Qa1 49. Qf1 Qb2+ 50. Qf2 Qxb3 51. Be1 Qd1 52. Bb4 Qb1 53. Bc3 Qc1 54. Bb4 Kc8 55. Ne7+ Kb7 56. Nf5 Kc8 57. Ne7+ Kd7 58. Nf5 Kd8 59. Nd6 Bxd6 60. cxd6 Kd7 61. Bc5 Qd1 62. Bb4 Ke6 63. Bc5 Qb3 64. Qe2 Qa4 65. Qb2 Ne1+ 66. Kh2 Qc2+ 67. Qxc2 Nxc2 68. Bb6 Kd7 0-1